[Event "Rosenheim IM-A"]
[Site "Rosenheim"]
[Date "2025.05.25"]
[Round "1"]
[White "Schlegel, Igor"]
[Black "Atoyan, Alberto"]
[Result "1/2-1/2"]
[WhiteElo "2271"]
[BlackElo "2266"]
[PlyCount "70"]
[EventDate "2025.05.25"]
[EventType "tourn"]
[EventRounds "9"]
[EventCountry "GER"]
[SourceTitle "CB23_2025"]
[SourceDate "2025.06.04"]
[SourceVersion "1"]
[SourceVersionDate "2025.06.04"]
[SourceQuality "1"]

1. e4 c6 2. Nf3 d5 3. d3 Qc7 4. g3 e5 5. Bg2 Nf6 6. 0-0 dxe4 7. dxe4 Bc5 8. Qe2 0-0 9. a4 a5 10. Nbd2 b6 11. Ne1 Ba6 12. Nd3 Rd8 13. Kh1 Qd6 14. Nb3 Bxd3 15. cxd3 Qxd3 16. Qxd3 Rxd3 17. Nxc5 bxc5 18. Be3 Nbd7 19. Rad1 Rb3 20. Bc1 Nb6 21. f3 Nxa4 22. Rf2 Rab8 23. Bf1 R3b4 24. Rd6 h6 25. Rxc6 R4b6 26. Rc7 R6b7 27. Rc6 Rd7 28. Rc2 Rdb7 29. Ra6 Nxb2 30. Rxc5 a4 31. Rc2 Nd7 32. Kg1 Rb3 33. Bxb2 Rxb2 34. Rxb2 Rxb2 35. Rxa4 Rd2 1/2-1/2

[Event "GER-ch Blitz"]
[Site "Munich"]
[Date "2025.05.24"]
[Round "19"]
[White "Atoyan, Alberto"]
[Black "Chassard, Cedric"]
[Result "1-0"]
[WhiteElo "2266"]
[BlackElo "2250"]
[PlyCount "120"]
[EventDate "2025.05.24"]
[EventType "tourn (blitz)"]
[EventRounds "29"]
[EventCountry "GER"]
[EventCategory "6"]
[SourceTitle "CB22_2025"]
[SourceDate "2025.05.28"]
[SourceVersion "1"]
[SourceVersionDate "2025.05.28"]
[SourceQuality "1"]

1. e4 c5 2. Nf3 Nc6 3. Bb5 Nf6 4. Nc3 d6 5. e5 Nd7 6. exd6 e5 7. 0-0 Bxd6 8. Bxc6 bxc6 9. d3 0-0 10. b3 Nf6 11. h3 Qc7 12. Ba3 Be6 13. Na4 Qe7 14. Re1 Nd7 15. Qd2 f6 16. Qc3 Bd5 17. Nd2 Qf7 18. Nxc5 Qg6 19. Nde4 Nxc5 20. Bxc5 Bxc5 21. Qxc5 f5 22. c4 fxe4 23. cxd5 exd3 24. dxc6 e4 25. Qd5+ Kh8 26. Qxe4 d2 27. Re2 Rad8 28. Rd1 Qf6 29. Rexd2 Rde8 30. Qd4 Qxc6 31. Qxa7 Ra8 32. Qe3 Qg6 33. a4 h6 34. Rd6 Qf7 35. Rd7 Qf6 36. Qd4 Qg6 37. Qg4 Qf6 38. Qd4 Qg6 39. Rd6 Qf5 40. Rxh6+ Kg8 41. Rd6 Rab8 42. Qd5+ Qxd5 43. R6xd5 Rxb3 44. Rd8 Ra3 45. Rxf8+ Kxf8 46. Rd8+ Ke7 47. Ra8 Kf6 48. g3 Kf5 49. Kg2 Kg5 50. a5 Ra2 51. a6 Kf5 52. a7 Kg5 53. h4+ Kg4 54. h5 Kg5 55. h6 Kg6 56. hxg7 Kxg7 57. Kh3 Kh7 58. f4 Kg7 59. f5 Kh7 60. f6 Rxa7 1-0

[Event "GER-ch Blitz"]
[Site "Munich"]
[Date "2025.05.24"]
[Round "4"]
[White "Atoyan, Alberto"]
[Black "Zwahr, Paul"]
[Result "1-0"]
[WhiteElo "2266"]
[BlackElo "2272"]
[PlyCount "81"]
[EventDate "2025.05.24"]
[EventType "tourn (blitz)"]
[EventRounds "29"]
[EventCountry "GER"]
[EventCategory "6"]
[SourceTitle "CB22_2025"]
[SourceDate "2025.05.28"]
[SourceVersion "1"]
[SourceVersionDate "2025.05.28"]
[SourceQuality "1"]

1. e4 c5 2. Nf3 d6 3. Bb5+ Nd7 4. d4 cxd4 5. Qxd4 a6 6. Bxd7+ Bxd7 7. Nc3 e5 8. Qd3 Nf6 9. Nd2 b5 10. a3 Be7 11. Nf1 h6 12. Ne3 0-0 13. 0-0 Rc8 14. Ned5 Nxd5 15. Nxd5 Bg5 16. Bxg5 Qxg5 17. Nb6 Rcd8 18. Nxd7 Rxd7 19. a4 Rb8 20. axb5 axb5 21. Ra5 Qd8 22. Rxb5 Rxb5 23. Qxb5 d5 24. Rd1 Qc7 25. Rxd5 Rxd5 26. exd5 Qxc2 27. g3 Qb1+ 28. Kg2 Qe4+ 29. Kf1 Qb1+ 30. Ke2 Qc2+ 31. Ke3 Qc1+ 32. Kf3 Qd1+ 33. Kg2 Kh7 34. Qd7 Kg8 35. Qe8+ Kh7 36. Qxf7 e4 37. Qf5+ Kg8 38. Qxe4 Kf7 39. Qe6+ Kf8 40. d6 Qd3 41. d7 1-0

[Event "GER-ch Blitz"]
[Site "Munich"]
[Date "2025.05.24"]
[Round "14"]
[White "Frischmann, Rick"]
[Black "Atoyan, Alberto"]
[Result "0-1"]
[WhiteElo "2352"]
[BlackElo "2266"]
[PlyCount "66"]
[EventDate "2025.05.24"]
[EventType "tourn (blitz)"]
[EventRounds "29"]
[EventCountry "GER"]
[EventCategory "6"]
[SourceTitle "CB22_2025"]
[SourceDate "2025.05.28"]
[SourceVersion "1"]
[SourceVersionDate "2025.05.28"]
[SourceQuality "1"]

1. e4 c5 2. d4 cxd4 3. Qxd4 Nc6 4. Qd3 Nf6 5. Nc3 d6 6. Nf3 g6 7. Be2 Bg7 8. 0-0 0-0 9. Nd5 Nd7 10. c3 Nc5 11. Qc2 f5 12. exf5 gxf5 13. Bg5 Be6 14. Rad1 Qd7 15. Rfe1 Rae8 16. Bh4 Kh8 17. Bf1 Bg8 18. b4 Ne4 19. Nd2 Bxd5 20. c4 Bg8 21. Nxe4 fxe4 22. b5 Ne5 23. Qxe4 b6 24. f4 Ng4 25. Bd3 Nf6 26. Qe2 e5 27. fxe5 Rxe5 28. Qc2 Qg4 29. Bg3 Rxe1+ 30. Rxe1 Re8 31. Rf1 Nh5 32. Be1 Nf4 33. Kh1 Re2 0-1

[Event "GER-ch Blitz"]
[Site "Munich"]
[Date "2025.05.24"]
[Round "24"]
[White "Knuedel, Torben"]
[Black "Atoyan, Alberto"]
[Result "1-0"]
[WhiteElo "2319"]
[BlackElo "2266"]
[PlyCount "75"]
[EventDate "2025.05.24"]
[EventType "tourn (blitz)"]
[EventRounds "29"]
[EventCountry "GER"]
[EventCategory "6"]
[SourceTitle "CB22_2025"]
[SourceDate "2025.05.28"]
[SourceVersion "1"]
[SourceVersionDate "2025.05.28"]
[SourceQuality "1"]

1. e4 c5 2. Nf3 d6 3. d4 cxd4 4. Nxd4 Nf6 5. Nc3 a6 6. Bg5 Nbd7 7. a3 Qc7 8. Be2 g6 9. h4 h5 10. 0-0 Bg7 11. Nd5 Nxd5 12. exd5 Nf6 13. c4 0-0 14. Re1 Re8 15. Rc1 Bg4 16. b4 a5 17. Nb5 Qd7 18. Bxg4 Nxg4 19. Qe2 Ne5 20. Bf4 axb4 21. axb4 Rec8 22. c5 dxc5 23. Bxe5 Bxe5 24. Qxe5 Qxb5 25. Qxe7 Qxb4 26. d6 Rd8 27. d7 Qb5 28. Rcd1 c4 29. Qd6 c3 30. Re7 c2 31. Rc1 Qb1 32. Qf4 Qb3 33. Rxc2 Ra4 34. Re8+ Kh7 35. Qf6 Qb1+ 36. Kh2 Rxh4+ 37. Qxh4 Rxd7 38. Qf6 1-0

[Event "GER-ch Blitz"]
[Site "Munich"]
[Date "2025.05.24"]
[Round "9"]
[White "Stein, Robert"]
[Black "Atoyan, Alberto"]
[Result "1-0"]
[WhiteElo "2422"]
[BlackElo "2266"]
[PlyCount "133"]
[EventDate "2025.05.24"]
[EventType "tourn (blitz)"]
[EventRounds "29"]
[EventCountry "GER"]
[EventCategory "6"]
[SourceTitle "CB22_2025"]
[SourceDate "2025.05.28"]
[SourceVersion "1"]
[SourceVersionDate "2025.05.28"]
[SourceQuality "1"]

1. Nf3 Nf6 2. c4 e6 3. Nc3 d5 4. e3 b6 5. cxd5 exd5 6. g3 Bb7 7. Bg2 Bd6 8. 0-0 0-0 9. b3 a6 10. Bb2 Nbd7 11. Rc1 Re8 12. Ne2 Qe7 13. Ned4 Bc5 14. Nf5 Qf8 15. d4 Bd6 16. Nxd6 Qxd6 17. Ne5 Rac8 18. Rc2 c6 19. Bh3 Rc7 20. Qa1 Nf8 21. a4 Ne6 22. Ba3 c5 23. a5 Ne4 24. Rfc1 Rec8 25. Nd3 bxa5 26. dxc5 Qd7 27. Nf4 Kh8 28. Qe5 N4g5 29. Bxe6 Nxe6 30. Nxe6 Qxe6 31. Qxe6 fxe6 32. Bb2 Bc6 33. Be5 Rb7 34. Rc3 a4 35. bxa4 Kg8 36. a5 Rb5 37. Ra1 Rd8 38. Bd6 Rd7 39. Rcc1 Rdb7 40. g4 Rb4 41. h3 Kf7 42. Kh2 Rb2 43. Kg3 R7b3 44. Rd1 Rc2 45. Rab1 Rcb2 46. Rxb2 Rxb2 47. Rd4 g5 48. Rd1 Kf6 49. f4 Rb3 50. Be5+ Kg6 51. Bd4 h5 52. fxg5 Kxg5 53. h4+ Kg6 54. Kf4 hxg4 55. Rg1 Kh5 56. Rxg4 Rb1 57. Rg8 Rf1+ 58. Ke5 Bd7 59. Rh8+ Kg6 60. h5+ Kf7 61. Kd6 Bb5 62. h6 Kg6 63. Kxe6 Bc6 64. Kd6 Bb5 65. Kxd5 Rf5+ 66. Kd6 Rf7 67. c6 1-0

[Event "Titled Tuesday intern op 14th Jan Early"]
[Site "Chess.com INT"]
[Date "2025.01.14"]
[Round "11"]
[White "Atoyan, Alberto"]
[Black "Harsh, Suresh"]
[Result "1-0"]
[WhiteElo "2235"]
[BlackElo "2414"]
[PlyCount "137"]
[EventDate "2025.01.14"]
[EventType "swiss (blitz)"]
[EventRounds "11"]
[EventCountry "USA"]
[SourceTitle "CB04_2025"]
[SourceDate "2025.01.22"]
[SourceVersion "1"]
[SourceVersionDate "2025.01.22"]
[SourceQuality "1"]

1. Nf3 a6 2. b3 d5 3. Bb2 c5 4. e3 Nc6 5. Be2 Nf6 6. 0-0 Bf5 7. d4 e6 8. Nbd2 cxd4 9. Nxd4 Nxd4 10. Bxd4 Bd6 11. c4 dxc4 12. Nxc4 Be7 13. Bf3 Ne4 14. Bxe4 Bxe4 15. f3 Bd5 16. Bxg7 Rg8 17. Bb2 Bc5 18. Bd4 Rc8 19. Rc1 Bxd4 20. Qxd4 Bxc4 21. Rxc4 Qxd4 22. Rxc8+ Kd7 23. exd4 Rxc8 24. h4 Rc2 25. Rf2 Rc1+ 26. Kh2 Kd6 27. Rd2 Kd5 28. Kg3 h5 29. Kf4 f6 30. g4 hxg4 31. fxg4 Rf1+ 32. Kg3 Rg1+ 33. Kf3 Rh1 34. h5 f5 35. Kg3 Rg1+ 36. Rg2 Rh1 37. Rh2 Rg1+ 38. Kf3 Rxg4 39. h6 Rg8 40. h7 Rh8 41. Rh4 e5 42. dxe5 Kxe5 43. Rh6 f4 44. Rh5+ Kf6 45. Kxf4 Kg7 46. Ke5 Re8+ 47. Kd5 Kh8 48. Kc5 Re2 49. a4 Re4 50. Rh3 Re6 51. b4 Rc6+ 52. Kd5 Rb6 53. Rh4 Rc6 54. b5 axb5 55. axb5 Rg6 56. Kc5 Rf6 57. Re4 b6+ 58. Kd5 Kxh7 59. Re6 Rf5+ 60. Kc6 Kg7 61. Kxb6 Kf7 62. Re1 Rf2 63. Kb7 Rb2 64. b6 Rb3 65. Kc7 Rc3+ 66. Kb8 Rb3 67. b7 Rc3 68. Ra1 Rc1 69. Rxc1 1-0

[Event "Titled Tuesday intern op 14th Jan Early"]
[Site "Chess.com INT"]
[Date "2025.01.14"]
[Round "2"]
[White "Atoyan, Alberto"]
[Black "Melikhov, Evgeny V"]
[Result "1/2-1/2"]
[WhiteElo "2235"]
[BlackElo "2138"]
[PlyCount "96"]
[EventDate "2025.01.14"]
[EventType "swiss (blitz)"]
[EventRounds "11"]
[EventCountry "USA"]
[SourceTitle "CB04_2025"]
[SourceDate "2025.01.22"]
[SourceVersion "1"]
[SourceVersionDate "2025.01.22"]
[SourceQuality "1"]

1. e4 e5 2. Nc3 Nf6 3. Bc4 Nc6 4. d3 Bc5 5. Nge2 d6 6. 0-0 Na5 7. Bb3 Nxb3 8. axb3 c6 9. Be3 Bxe3 10. fxe3 0-0 11. Ng3 Ng4 12. Qf3 Qh4 13. h3 Nf6 14. Rf2 a5 15. Raf1 b5 16. Nf5 Bxf5 17. Qxf5 a4 18. bxa4 bxa4 19. Ra1 Rfb8 20. Rxa4 Rxa4 21. Nxa4 Ra8 22. b3 c5 23. Rf1 h6 24. Nc3 Qg3 25. Nd5 Nxd5 26. Qxf7+ Kh8 27. Qxd5 Qxe3+ 28. Kh1 Rd8 29. Rf3 Qc1+ 30. Kh2 Qxc2 31. Rg3 Qd2 32. Qf7 Rg8 33. Qe7 Qf4 34. h4 Qf6 35. Qxf6 gxf6 36. Rxg8+ Kxg8 37. h5 f5 38. exf5 d5 39. g4 e4 40. Kg3 c4 41. bxc4 exd3 42. Kf3 dxc4 43. Ke3 Kf7 44. Kd2 Kf6 45. Kc3 Kg5 46. Kd2 Kf6 47. Kc3 Kg5 48. Kd2 Kf6 1/2-1/2

[Event "Titled Tuesday intern op 14th Jan Early"]
[Site "Chess.com INT"]
[Date "2025.01.14"]
[Round "5"]
[White "Poeta, Caio Medeiros"]
[Black "Atoyan, Alberto"]
[Result "0-1"]
[WhiteElo "2088"]
[BlackElo "2235"]
[PlyCount "108"]
[EventDate "2025.01.14"]
[EventType "swiss (blitz)"]
[EventRounds "11"]
[EventCountry "USA"]
[SourceTitle "CB04_2025"]
[SourceDate "2025.01.22"]
[SourceVersion "1"]
[SourceVersionDate "2025.01.22"]
[SourceQuality "1"]

1. d4 c5 2. c3 cxd4 3. cxd4 Nf6 4. Nc3 d5 5. Nf3 Bg4 6. Ne5 Nc6 7. Nxg4 Nxg4 8. e4 Nf6 9. e5 Nd7 10. Be3 e6 11. Bd3 Be7 12. 0-0 h6 13. Rc1 Rc8 14. a3 Ndxe5 15. dxe5 d4 16. Bf4 dxc3 17. Rxc3 Bg5 18. Bg3 0-0 19. f4 Bh4 20. Rf3 Qd4+ 21. Kh1 Bxg3 22. hxg3 Rfd8 23. Qe2 Ne7 24. Rxc8 Nxc8 25. Qe4 Qxe4 26. Bxe4 Rd7 27. Rc3 Ne7 28. g4 Kf8 29. Kg1 Ke8 30. Kf2 Rd2+ 31. Ke3 Rxb2 32. Rc7 Rb3+ 33. Kd4 Rxa3 34. Rxb7 f5 35. gxf5 exf5 36. Bf3 g5 37. e6 Kf8 38. Ke5 Re3+ 39. Kf6 Ng8+ 40. Kxf5 Ne7+ 41. Kf6 Ng8+ 42. Kf5 Ne7+ 43. Kg4 gxf4 44. Kxf4 Rxe6 45. Rxa7 Rb6 46. Ra8+ Kg7 47. Ra7 Kf6 48. Rc7 Rb4+ 49. Kg3 Rb3 50. Ra7 Nf5+ 51. Kf4 Rb4+ 52. Be4 Nd6 53. Ra6 Rxe4+ 54. Kf3 Re6 0-1

[Event "Titled Tuesday intern op 07th Jan Early"]
[Site "Chess.com INT"]
[Date "2025.01.07"]
[Round "5"]
[White "Atoyan, Alberto"]
[Black "Mizzi, Jack"]
[Result "1-0"]
[WhiteElo "2235"]
[BlackElo "2085"]
[PlyCount "101"]
[EventDate "2025.01.07"]
[EventType "swiss (blitz)"]
[EventRounds "11"]
[EventCountry "USA"]
[SourceTitle "CB03_2025"]
[SourceDate "2025.01.15"]
[SourceVersion "1"]
[SourceVersionDate "2025.01.15"]
[SourceQuality "1"]

1. h4 e5 2. h5 d5 3. b3 Nf6 4. Bb2 Nc6 5. e3 a6 6. h6 g6 7. Nf3 Bd6 8. d4 e4 9. Nfd2 Bg4 10. Be2 Qd7 11. a3 Bxe2 12. Qxe2 Qg4 13. Qxg4 Nxg4 14. c4 f5 15. Nc3 Nf6 16. Rc1 0-0-0 17. g3 g5 18. b4 dxc4 19. Nxc4 b5 20. Nxd6+ Rxd6 21. Ke2 Kb7 22. a4 Nxb4 23. Ba3 Nd3 24. Bxd6 Nxc1+ 25. Rxc1 cxd6 26. axb5 Rc8 27. bxa6+ Kxa6 28. Kd2 Ng4 29. Ra1+ Kb7 30. Rb1+ Kc6 31. Rb5 Nxh6 32. Ra5 Kb6 33. Rb5+ Kc6 34. Ra5 Rb8 35. d5+ Kc7 36. Ra7+ Rb7 37. Nb5+ Kb6 38. Rxb7+ Kxb7 39. Nxd6+ Kb6 40. Ne8 Kc5 41. Nf6 Ng4 42. Nxh7 Nxf2 43. Ke2 Nh3 44. g4 f4 45. Nf6 f3+ 46. Ke1 Ng1 47. Nxe4+ Kxd5 48. Nxg5 Ke5 49. Kf2 Ne2 50. Nxf3+ Ke4 51. Kxe2 1-0

[Event "Titled Tuesday intern op 26th Nov Late"]
[Site "Chess.com INT"]
[Date "2024.11.26"]
[Round "7"]
[White "Atoyan, Alberto"]
[Black "Boor, Carl Brandon"]
[Result "1-0"]
[WhiteElo "2133"]
[BlackElo "2235"]
[PlyCount "81"]
[EventDate "2024.11.26"]
[EventType "swiss (blitz)"]
[EventRounds "11"]
[EventCountry "USA"]
[SourceTitle "CB49_2024"]
[SourceDate "2024.12.04"]
[SourceVersion "1"]
[SourceVersionDate "2024.12.04"]
[SourceQuality "1"]

1. e4 c6 2. d4 d5 3. exd5 cxd5 4. Bd3 Nc6 5. c3 Qc7 6. Ne2 g6 7. Bf4 Qd8 8. 0-0 Bh6 9. Bxh6 Nxh6 10. Ng3 0-0 11. Qc1 Kg7 12. Nh5+ gxh5 13. Qg5+ Kh8 14. Qxh6 f5 15. Nd2 Qe8 16. Nf3 Rg8 17. g3 a6 18. Rfe1 Qg6 19. Qf4 Qg4 20. Qxg4 hxg4 21. Nh4 e6 22. Re2 Bd7 23. Rae1 Rae8 24. Ng2 Kg7 25. Nf4 Kf6 26. h3 gxh3 27. Kh2 Nd8 28. Kxh3 Nf7 29. f3 b5 30. Bc2 Nd6 31. Nd3 Bc8 32. Nc5 Nc4 33. Bd3 Nd6 34. a4 f4 35. gxf4 Nf5 36. axb5 Rg3+ 37. Kh2 Reg8 38. Bxf5 Kxf5 39. Re5+ Kxf4 40. Nd3+ Kxf3 41. R5e3+ 1-0

[Event "Bayern-chI Bank Hofmann 27th"]
[Site "Gmund am Tegernsee"]
[Date "2024.10.31"]
[Round "6"]
[White "Atoyan, Alberto"]
[Black "Dolzhikova, Kateryna"]
[Result "1-0"]
[WhiteElo "2133"]
[BlackElo "2345"]
[PlyCount "85"]
[EventDate "2024.10.26"]
[EventType "swiss"]
[EventRounds "9"]
[EventCountry "GER"]
[SourceTitle "CB45_2024"]
[Source "ChessBase"]
[SourceDate "2024.11.06"]
[SourceVersion "1"]
[SourceVersionDate "2024.11.06"]
[SourceQuality "1"]

1. d4 Nf6 2. Bg5 Ne4 3. Bf4 c5 4. f3 Qa5+ 5. c3 Nf6 6. d5 e6 7. e4 exd5 8. exd5 d6 9. Qd2 Be7 10. c4 Qxd2+ 11. Kxd2 b5 12. Nc3 Nh5 13. Be3 b4 14. Nb5 Kd8 15. a3 b3 16. Bd3 f5 17. Ne2 g5 18. Nc1 f4 19. Bf2 Nd7 20. Re1 Bf8 21. Nxb3 a6 22. Nc3 Rb8 23. Kc2 Kc7 24. Rab1 Bg7 25. Na5 Ne5 26. Nc6 Nxd3 27. Re7+ Bd7 28. Nxb8 Rxb8 29. Kxd3 Kd8 30. Ree1 a5 31. b3 Bf5+ 32. Ne4 Nf6 33. Kd2 Nxe4+ 34. fxe4 Bg6 35. Kd3 Kd7 36. b4 axb4 37. axb4 Ra8 38. bxc5 Ra3+ 39. Ke2 Bc3 40. Rb7+ Kc8 41. Reb1 dxc5 42. d6 Bxe4 43. Rc7+ 1-0

[Event "Bayern-chI Bank Hofmann 27th"]
[Site "Gmund am Tegernsee"]
[Date "2024.10.29"]
[Round "4"]
[White "Auge, Hendrik"]
[Black "Atoyan, Alberto"]
[Result "0-1"]
[WhiteElo "1851"]
[BlackElo "2133"]
[PlyCount "86"]
[EventDate "2024.10.26"]
[EventType "swiss"]
[EventRounds "9"]
[EventCountry "GER"]
[SourceTitle "CB45_2024"]
[Source "ChessBase"]
[SourceDate "2024.11.06"]
[SourceVersion "1"]
[SourceVersionDate "2024.11.06"]
[SourceQuality "1"]

1. e4 c5 2. Nf3 e6 3. c3 Nf6 4. e5 Nd5 5. d4 cxd4 6. cxd4 d6 7. Nc3 Nxc3 8. bxc3 Qc7 9. Bd2 Nd7 10. exd6 Bxd6 11. Bd3 b6 12. 0-0 Bb7 13. h3 0-0 14. Re1 Bf4 15. Ng5 Nf6 16. Bxf4 Qxf4 17. Re5 Qh4 18. g3 Qh6 19. h4 g6 20. Re1 Rfd8 21. Qe2 Qg7 22. Rac1 Rac8 23. Ba6 Bxa6 24. Qxa6 Rc7 25. Qe2 Rdc8 26. Qf3 h6 27. Ne4 Nxe4 28. Rxe4 h5 29. Re3 Qf8 30. Rc2 Qd6 31. Qe2 Rc4 32. Qd3 b5 33. a3 a5 34. Kh2 b4 35. axb4 axb4 36. Qe2 Rxc3 37. Rexc3 Rxc3 38. Rxc3 bxc3 39. Qd3 Qc6 40. Qc2 Qc4 41. Qd1 c2 42. Qc1 Qe2 43. Qf4 Qe1 0-1